Normale Ansicht MARC-Ansicht ISBD

Planung nimmt Fahrt auf (Titelsatznr. 374194)

[ MARC ]
MARC-Details
000 -Satzkennung
Kontrollfeld mit fester Länge 00637nab a2200193 4500
001 - Kontrollnummer
Kontrollfeld 244442
003 - Kontrollnummer Identifier
Kontrollfeld OSt
005 - Datum und Zeit der letzten Transaktion
Kontrollfeld 20260114103108.0
007 - Feld mit fester Länge zur physischen Beschreibung - Allgemeine Information
Kontrollfeld mit fester Länge tu
008 - Feld mit fester Länge zur physischen Beschreibung - Allgemeine Angaben
Kontrollfeld mit fester Länge 260114s2020|||||||
040 ## - Katalogisierungsquelle
Original-Katalogisierungsstelle DE-2950
Übertragungsstelle DE-2950
245 00 - Titel
Titel Planung nimmt Fahrt auf
Zusatz zum Titel Sanierung. Für den Helenesee stehen in diesem Jahr wichtige Weichenstellungen an. Neben dem Bergbauamt treibt auch die Stadt Pläne für das Umfeld voran/
Verfasserangabe etc. Thomas Gutke
264 ## - Produktion, Veröffentlichung, Distribution, Herstellung und Urheberrechtsvermerk
Datum der Herstellung, der Veröffentlichung, des Vertriebs oder des Urheberschutzvermerks 2025
653 ## - Indexierungsterm - Nicht normiert
Nicht-normierter Term Frankfurt (Oder)
653 ## - Indexierungsterm - Nicht normiert
Nicht-normierter Term Helenesee
653 ## - Indexierungsterm - Nicht normiert
Nicht-normierter Term Planung
773 0# - Übergeordnete Einheit
Verknüpfungsangaben 37. Jahrgang (2026) Nr. 4 vom 06.01.2026 , S. 13 mit Foto
Titel Märkische Oderzeitung
942 ## - Zusätzliche Felder (Koha)
Klassifikation oder Aufstellungssystematik Andere/Generische Klassifikation
Koha-Medientyp Aufsätze
Exemplare
Ausgeschieden Verloren Klassifikation oder Aufstellungssystematik Beschädigt Nicht entleihbar Heimatbibliothek Aufenthaltsbibliothek Aufstellungsort Erwerbungsdatum Anzahl Ausleihen Signatur Letzte Aktivität Preis gültig von Koha-Medientyp
    Andere/Generische Klassifikation     Stadtarchiv Frankfurt (Oder) | Archivbibliothek Stadtarchiv Frankfurt (Oder) | Archivbibliothek Magazin 14/01/2026   Z2 14/01/2026 14/01/2026 Aufsätze